00948nam a2200253 a 450000100060000000300080000600500170001400800410003103500190007203500190009104000420011004100080015208200300016010000370019024500910022726000380031830000470035650000580040365000270046170000230048894200120051199900170052395201540054018504BD-RjUL20211209000308.0140220s1923 enkc 000 0 eng  a9BD-RjUL)18562 a(OCoLC)1490278 aDLCcJPLdm.cdOCLdEQOdBD-RjULbeng aeng04a821.008bLAP V-3 19232201 aLang, Andrew,d1844-1912.91913514aThe poetical works of Andrew Lang /cedited by Mrs. Lang.nVol.- iii :pwith portrait. aLondon :bLongmans, Green,c1923. aviii, 227 p. :bfronts. (ports.) ;c20 cm. a"Only 1075 copies of this edition have been printed." 0aEnglish poetry.9570101 aLang,cMrs.919133 2ddccBK c18504d18504 00102ddc40708FICaRUCLbRUCLcReadingd1988-06-27eIndia high commosion, Gift.l0o821.008 LAP V-3 1923r2014-02-20 00:00:00tC-1w2021-12-09yBK